000 00388nam a2200157Ia 4500
008 230312s9999||||xx |||||||||||||| ||und||
020 _a0-340-81059-0
082 _a614.1
_bSHE-S
100 _aShepherd,Richard
245 0 _aSimpson's Forensic Medicine
260 _bHodder Arnold
_aIndia
_c2003
300 _a196
546 _aEng.
650 _aMedical
_vForensic Medicine
942 _cBK
999 _c5353
_d5353